000 00571nam a2200169Ia 4500
008 090201s9999 xx 000 0 und d
010 _aKPL-39750
040 _bमराठी
041 _aमराठी
082 _a21396
_b39750
100 _aसुहास कृष्ण भोमे
245 _aचार्ल्स सोभराज
_cसुहास कृष्ण भोमे
260 _c2004
_bएन. के प्रॉडक्टस
300 _a135
_bलहान
600 _aचार्ल्स सोभराज
942 _cBOOK
999 _c221080
_d221080